[Event "Choc des Generations"]
[Site "Montreal CAN"]
[Date "2014.06.28"]
[Round "2"]
[White "Tremblay, Rejean"]
[Black "Yu, Zong Yang"]
[Result "1/2-1/2"]
[WhiteElo "2206"]
[BlackElo "2225"]
[PlyCount "80"]
[EventDate "2014.06.27"]
[EventType "schev"]
[EventRounds "5"]
[EventCountry "CAN"]

1. e4 c5 2. Nf3 d6 3. Bb5+ Bd7 4. c4 Nc6 5. d4 cxd4 6. Nxd4 g6 7. Be3 Bg7 8.
Nc3 Nf6 9. f3 O-O 10. O-O a6 11. Bxc6 bxc6 12. c5 Rb8 13. Rf2 d5 14. e5 Ne8 15.
f4 Nc7 16. Nb3 Nb5 17. Qd2 Qc7 18. Nxb5 axb5 19. Nd4 Ra8 20. a3 Ra6 21. Re1 Bf5
22. Nxf5 gxf5 23. Bd4 Ra4 24. Rf3 Kh8 25. Rh3 Rg8 26. Qd1 h6 27. b4 e6 28. Rg3
Raa8 29. Ree3 Kh7 30. Qh5 Bh8 31. Rg5 Rg6 32. Rh3 Rag8 33. Rxg6 Rxg6 34. Rg3
Qd8 35. Kf2 Bg7 36. Kg1 Bf8 37. Kf2 Be7 38. Kg1 Qa8 39. Qf3 Qa4 40. Qd3 Rxg3
1/2-1/2

[Event "Choc des Generations"]
[Site "Montreal CAN"]
[Date "2014.06.28"]
[Round "2"]
[White "Zhu, Hong Rui"]
[Black "Masse, Hugues"]
[Result "1/2-1/2"]
[WhiteElo "2147"]
[BlackElo "2266"]
[PlyCount "81"]
[EventDate "2014.06.27"]
[EventType "schev"]
[EventRounds "5"]
[EventCountry "CAN"]

1. e4 e6 2. d4 d5 3. e5 c5 4. c3 Nc6 5. Nf3 Bd7 6. g3 Nge7 7. Be3 Nf5 8. Qd2
Nxe3 9. fxe3 Be7 10. Qc2 Rc8 11. Nbd2 a6 12. a3 b5 13. Bd3 h6 14. O-O c4 15.
Be2 O-O 16. Ne1 a5 17. Ng2 b4 18. axb4 axb4 19. e4 b3 20. Qb1 Ra8 21. Rxa8 Qxa8
22. Bf3 Bg5 23. Rd1 Bxd2 24. Rxd2 Ne7 25. exd5 Nxd5 26. Qf1 Rc8 27. Rf2 Bc6 28.
Be2 Qb7 29. Bxc4 Ra8 30. Bxd5 Bxd5 31. Ne3 Be4 32. Nc4 Ra2 33. Nd6 Qa8 34. Rxf7
Rxb2 35. Rxg7+ Kxg7 36. Qf7+ Kh8 37. Qf6+ Kg8 38. Qf7+ Kh8 39. Qf6+ Kh7 40.
Qe7+ Kh8 41. Qf6+ 1/2-1/2

[Event "Choc des Generations"]
[Site "Montreal CAN"]
[Date "2014.06.28"]
[Round "3"]
[White "Tremblay, Rejean"]
[Black "Nikulich, Oleksandr"]
[Result "1-0"]
[WhiteElo "2206"]
[BlackElo "2049"]
[PlyCount "88"]
[EventDate "2014.06.27"]
[EventType "schev"]
[EventRounds "5"]
[EventCountry "CAN"]

1. d4 d5 2. c4 e6 3. Nc3 c5 4. cxd5 exd5 5. Nf3 Nc6 6. g3 Nf6 7. Bg2 Be7 8. O-O
O-O 9. dxc5 Bxc5 10. Bg5 d4 11. Bxf6 Qxf6 12. Nd5 Qd8 13. Nd2 Re8 14. Rc1 Bf8
15. Nc4 Bg4 16. Re1 Rc8 17. h3 Bf5 18. a3 Na5 19. Nxa5 Rxc1 20. Qxc1 Qxa5 21.
b4 Qd8 22. Qc4 d3 23. e4 Qc8 24. Qxc8 Bxc8 25. Rd1 f5 26. exf5 Bxf5 27. g4 Bg6
28. Nf4 Be4 29. Nxd3 Bxg2 30. Kxg2 Rd8 31. Kf3 a5 32. Ke2 Rd4 33. Rc1 axb4 34.
axb4 Rd7 35. Rc8 Re7+ 36. Kd2 Rf7 37. f4 h5 38. g5 Rf5 39. Ke3 Rb5 40. Ne5 Rxb4
41. Nd7 Rb3+ 42. Ke4 Rb4+ 43. Kf5 Kf7 44. Ne5+ Ke7 1-0

[Event "Choc des Generations"]
[Site "Montreal CAN"]
[Date "2014.06.28"]
[Round "3"]
[White "Yu, Zong Yang"]
[Black "Libersan, Thierry"]
[Result "1-0"]
[WhiteElo "2225"]
[BlackElo "2194"]
[PlyCount "85"]
[EventDate "2014.06.27"]
[EventType "schev"]
[EventRounds "5"]
[EventCountry "CAN"]

1. Nf3 d5 2. g3 e6 3. Bg2 f5 4. O-O Nf6 5. d3 Bd6 6. Nbd2 O-O 7. e4 Nbd7 8. Nd4
Ne5 9. Nb5 Be7 10. exf5 exf5 11. Re1 Ng6 12. Nf3 a6 13. Nbd4 c5 14. Ne6 Bxe6
15. Rxe6 Qd7 16. Re1 Rae8 17. b3 Bd6 18. Bb2 d4 19. b4 b6 20. Qd2 h6 21. Rxe8
Rxe8 22. Re1 Rxe1+ 23. Qxe1 f4 24. bxc5 bxc5 25. Nd2 fxg3 26. hxg3 Ne5 27. Ne4
Neg4 28. Ba3 Qe7 29. Nxf6+ Nxf6 30. Qd1 Qe6 31. Qb1 Kh8 32. Bf3 h5 33. Kg2 Ng4
34. Qh1 g6 35. Qh4 Kg7 36. Bc1 Be7 37. Bg5 Bxg5 38. Qxg5 Qe5 39. Qd8 Kh6 40.
Qc8 Qf5 41. Bxg4 Qxg4 42. Qh8+ Kg5 43. f4+ 1-0

[Event "Choc des Generations"]
[Site "Montreal CAN"]
[Date "2014.06.28"]
[Round "3"]
[White "Zhu, Hong Rui"]
[Black "Lopez Linares, Lizandro"]
[Result "0-1"]
[WhiteElo "2147"]
[BlackElo "2188"]
[PlyCount "144"]
[EventDate "2014.06.27"]
[EventType "schev"]
[EventRounds "5"]
[EventCountry "CAN"]

1. e4 c6 2. d4 d5 3. exd5 cxd5 4. c4 Nf6 5. Nc3 Nc6 6. Bg5 e6 7. Nf3 Be7 8. c5
O-O 9. Bb5 Ne4 10. Bxe7 Nxe7 11. Rc1 Qa5 12. Qa4 Qxa4 13. Bxa4 f5 14. O-O Ng6
15. Rfe1 Rb8 16. b4 h6 17. a3 Kf7 18. Re2 Ke7 19. Ne1 Nf4 20. Re3 g5 21. f3 Nf6
22. Nd3 Nxd3 23. Rxd3 Bd7 24. b5 a6 25. Rb1 axb5 26. Bxb5 Bc6 27. a4 Nd7 28.
Rd2 Rfd8 29. Re1 e5 30. Na2 Ke6 31. Nb4 Rdc8 32. Kf2 Ra8 33. Rb2 Ra5 34. Nd3 e4
35. g4 Kf7 36. Nc1 f4 37. fxe4 dxe4 38. Bxc6 e3+ 39. Kf3 bxc6 40. Rb4 Rca8 41.
Rb7 R8a7 42. Rxa7 Rxa7 43. Ne2 Rxa4 44. h4 Ke6 45. hxg5 hxg5 46. Rh1 Nf6 47.
Rg1 Ra2 48. Re1 Nd5 49. Rh1 Nf6 50. Re1 Rd2 51. Rg1 Kd5 52. Re1 Ne4 53. Ra1 Ng3
54. Nc3+ Kc4 55. Nd1 Kxd4 56. Ra4+ Kd3 57. Ra3+ Kd4 58. Nxe3 fxe3 59. Kxg3 Rf2
60. Ra4+ Kxc5 61. Re4 Kd5 62. Rxe3 Rf4 63. Re8 Re4 64. Rd8+ Kc4 65. Rf8 Rd4 66.
Rf5 Rd5 67. Kf3 Kd4 68. Rf8 c5 69. Re8 c4 70. Re4+ Kd3 71. Re3+ Kd2 72. Ra3
Rd3+ 0-1

[Event "Choc des Generations"]
[Site "Montreal CAN"]
[Date "2014.06.29"]
[Round "4"]
[White "Luksza, Arkadiusz"]
[Black "Zhu, Hong Rui"]
[Result "1-0"]
[WhiteElo "2173"]
[BlackElo "2147"]
[PlyCount "55"]
[EventDate "2014.06.27"]
[EventType "schev"]
[EventRounds "5"]
[EventCountry "CAN"]

1. d4 d5 2. c4 e6 3. cxd5 exd5 4. Nc3 c6 5. Qc2 Be7 6. Bf4 Nf6 7. e3 O-O 8. Bd3
Re8 9. Nge2 Nbd7 10. O-O Nf8 11. Rae1 Ne6 12. Bg3 b6 13. e4 dxe4 14. Nxe4 Bb7
15. Nxf6+ Bxf6 16. Bxh7+ Kh8 17. Rd1 Nxd4 18. Nxd4 Bxd4 19. Qf5 c5 20. Qh3 Re6
21. Bg6+ Kg8 22. Qh7+ Kf8 23. Qh8+ Ke7 24. Bh4+ Rf6 25. Qxg7 Bxf2+ 26. Bxf2 Qg8
27. Rfe1+ Re6 28. Bh4+ 1-0

[Event "Choc des Generations"]
[Site "Montreal CAN"]
[Date "2014.06.29"]
[Round "4"]
[White "Masse, Hugues"]
[Black "Yu, Zong Yang"]
[Result "1/2-1/2"]
[WhiteElo "2266"]
[BlackElo "2225"]
[PlyCount "136"]
[EventDate "2014.06.27"]
[EventType "schev"]
[EventRounds "5"]
[EventCountry "CAN"]

1. d4 Nf6 2. c4 g6 3. g3 Bg7 4. Bg2 O-O 5. Nc3 d6 6. Nf3 Nc6 7. O-O a6 8. Qd3
Bg4 9. d5 Bxf3 10. exf3 Ne5 11. Qe2 Rb8 12. f4 Ned7 13. Be3 Re8 14. Ba7 Rc8 15.
Bd4 c6 16. Rad1 cxd5 17. cxd5 b5 18. Ne4 Nxe4 19. Bxe4 Bxd4 20. Rxd4 Rc5 21.
Bf3 Nf6 22. Re1 Qd7 23. Rd2 Qf5 24. Qd3 Qxd3 25. Rxd3 Rc2 26. Re2 Rxe2 27. Bxe2
Rc8 28. Rd2 Ne4 29. Rd4 f5 30. Bf3 Rc2 31. Bxe4 fxe4 32. Rb4 Kf7 33. a4 Rc5 34.
Rxe4 Rxd5 35. axb5 Rxb5 36. Re2 Rb3 37. Kf1 Kf6 38. Rc2 e6 39. Rc6 d5 40. Rxa6
Rxb2 41. Rd6 h6 42. Kg2 Kf5 43. Kf3 Rb3+ 44. Ke2 g5 45. fxg5 hxg5 46. h3 Rb8
47. Ra6 Rh8 48. g4+ Ke5 49. Ra3 Rc8 50. Re3+ Kd6 51. Rf3 Rc2+ 52. Kd3 Ra2 53.
Rf8 Ke7 54. Rg8 Kf6 55. f3 Rh2 56. Rh8 Ke5 57. Rh6 Ra2 58. Rg6 Ra6 59. Rxg5+
Kf4 60. Rg6 Kxf3 61. h4 Ra3+ 62. Kd4 Ra4+ 63. Kc5 Rc4+ 64. Kb5 Rxg4 65. Rxe6
Rxh4 66. Kc5 d4 67. Kc4 Re4 68. Rh6 Rg4 1/2-1/2

[Event "Choc des Generations"]
[Site "Montreal CAN"]
[Date "2014.06.29"]
[Round "4"]
[White "Nikulich, Oleksandr"]
[Black "Lopez Linares, Lizandro"]
[Result "0-1"]
[WhiteElo "2049"]
[BlackElo "2188"]
[PlyCount "98"]
[EventDate "2014.06.27"]
[EventType "schev"]
[EventRounds "5"]
[EventCountry "CAN"]

1. e4 c6 2. d4 d5 3. exd5 cxd5 4. c4 Nf6 5. Nc3 Nc6 6. Bg5 e6 7. Nf3 Be7 8. c5
O-O 9. Bb5 Ne4 10. Bxe7 Nxe7 11. Rc1 f5 12. O-O Ng6 13. b4 Bd7 14. Bd3 Qe8 15.
Ne2 a5 16. a3 axb4 17. axb4 Ba4 18. Qe1 Bb5 19. Bxb5 Qxb5 20. Ne5 Ra2 21. Nc3
Nxc3 22. Qxc3 Nf4 23. Rc2 Ne2+ 24. Rxe2 Qxe2 25. Nd7 Rfa8 26. Nb6 R8a3 27. Qe1
Rb3 28. h3 Qxe1 29. Rxe1 Kf7 30. Nc8 Rxb4 31. Nd6+ Kf6 32. Ne8+ Kg6 33. Rxe6+
Kf7 34. Re5 Rxd4 35. Nd6+ Kf6 36. Rxf5+ Ke6 37. Rf7 b6 38. Rxg7 bxc5 39. Nb7
Rd1+ 40. Kh2 c4 41. Rxh7 Rxf2 42. Nc5+ Kd6 43. Na4 d4 44. Rh6+ Kc7 45. Rh5 Rc1
46. Nc5 d3 47. Ne4 Re2 48. Ng3 Re7 49. Rd5 Rd7 0-1

[Event "Choc des Generations"]
[Site "Montreal CAN"]
[Date "2014.06.29"]
[Round "5"]
[White "Libersan, Thierry"]
[Black "Nikulich, Oleksandr"]
[Result "1/2-1/2"]
[WhiteElo "2194"]
[BlackElo "2049"]
[PlyCount "69"]
[EventDate "2014.06.27"]
[EventType "schev"]
[EventRounds "5"]
[EventCountry "CAN"]

1. e4 e5 2. Nf3 Nc6 3. Bb5 a6 4. Ba4 Nf6 5. O-O Be7 6. Re1 b5 7. Bb3 O-O 8. h3
Bb7 9. d3 d5 10. exd5 Nxd5 11. Nxe5 Nd4 12. Nc3 Nxb3 13. axb3 Bd6 14. Nxd5 Bxd5
15. Qg4 Re8 16. Bf4 Re6 17. Re3 Bxe5 18. Rxe5 Rg6 19. Rg5 Qf6 20. Rxg6 hxg6 21.
c3 c6 22. b4 Qe6 23. Qxe6 Bxe6 24. f3 Bf5 25. d4 f6 26. Kf2 Kf7 27. g4 Be6 28.
h4 Bd5 29. Bd6 Ke6 30. Bc5 Kf7 31. Re1 Re8 32. Ra1 Ra8 33. Kg3 Bc4 34. Kf4 Bd5
35. Kg3 1/2-1/2

[Event "Choc des Generations"]
[Site "Montreal CAN"]
[Date "2014.06.29"]
[Round "5"]
[White "Lopez Linares, Lizandro"]
[Black "Yu, Zong Yang"]
[Result "0-1"]
[WhiteElo "2188"]
[BlackElo "2225"]
[PlyCount "140"]
[EventDate "2014.06.27"]
[EventType "schev"]
[EventRounds "5"]
[EventCountry "CAN"]

1. d4 Nf6 2. Nf3 g6 3. Bf4 Bg7 4. e3 O-O 5. h3 d6 6. Be2 Nc6 7. O-O Nd7 8. c4
e5 9. Bh2 f5 10. Nc3 Kh8 11. Rb1 a5 12. dxe5 dxe5 13. Nb5 Nb4 14. a3 Na6 15. b4
axb4 16. axb4 b6 17. Qd5 Rb8 18. Nxe5 Nxe5 19. Bxe5 Qxd5 20. Bxg7+ Kxg7 21.
cxd5 Bb7 22. Nd4 Rf7 23. Rfc1 Kf6 24. Bf3 Rd8 25. Nc6 Rd6 26. Kf1 Rfd7 27. Ke2
h5 28. h4 Kg7 29. Rc2 Kf6 30. Ra2 Rxd5 31. Bxd5 Rxd5 32. Nd4 Rd6 33. f3 Rd7 34.
b5 Nc5 35. g3 Ke7 36. Rc2 Kd8 37. Rxc5 bxc5 38. Ne6+ Kc8 39. Nxc5 Rd5 40. Rc1
Rd6 41. Nb3 Rb6 42. Nd4 Rd6 43. Rc3 Bd5 44. Rc2 Kb7 45. Rd2 Kb6 46. Kd1 Bc4 47.
Rb2 Rd5 48. Kc2 Bxb5 49. Kc3 c6 50. e4 fxe4 51. fxe4 Rd7 52. e5 Kc5 53. Rd2 Re7
54. Nf3 Bc4 55. Rd6 Bd5 56. Nd2 Rxe5 57. Rxg6 Be6 58. Nf3 Re3+ 59. Kd2 Rxf3 60.
Rxe6 Rxg3 61. Re5+ Kd4 62. Rxh5 Rg2+ 63. Kc1 c5 64. Rg5 Rh2 65. Rg4+ Kc3 66.
Rg3+ Kb4 67. Rg4+ c4 68. Rf4 Kb3 69. Rf3+ c3 70. Rf1 Ra2 0-1

[Event "Choc des Generations"]
[Site "Montreal CAN"]
[Date "2014.06.29"]
[Round "5"]
[White "Zhu, Hong Rui"]
[Black "Tremblay, Rejean"]
[Result "1-0"]
[WhiteElo "2147"]
[BlackElo "2206"]
[PlyCount "111"]
[EventDate "2014.06.27"]
[EventType "schev"]
[EventRounds "5"]
[EventCountry "CAN"]

1. e4 c5 2. Ne2 d6 3. g3 g6 4. Bg2 Bg7 5. c3 Nc6 6. d4 cxd4 7. cxd4 Bg4 8. f3
Bd7 9. Be3 Nf6 10. Nbc3 O-O 11. O-O a6 12. Qd2 Rc8 13. Rac1 b5 14. Kh1 Qa5 15.
b3 e6 16. Rfd1 b4 17. Nb1 Rfe8 18. Qb2 Kh8 19. Nd2 d5 20. e5 Ng8 21. g4 Qb6 22.
f4 f6 23. Nf1 Qb8 24. Qd2 Rf8 25. Nfg3 fxe5 26. fxe5 Rf7 27. Rf1 Rcf8 28. Nf4
Nd8 29. Nd3 a5 30. Rxf7 Rxf7 31. Ne2 Bb5 32. Nef4 Ne7 33. Nc5 Qb6 34. h4 Be8
35. Bf1 Rf8 36. Bd3 Bh6 37. Nxg6+ Nxg6 38. Bxh6 Rf3 39. h5 Nh4 40. Be2 Rh3+ 41.
Kg1 Nf7 42. Rf1 Kg8 43. Bg5 Bb5 44. Bxh4 Rxh4 45. Qf4 Be8 46. Nd7 Qa7 47. Nf6+
Kf8 48. Kg2 a4 49. Kg3 axb3 50. axb3 Nh8 51. Nxe8+ Kxe8 52. Qf8+ Kd7 53. Bb5+
Kc7 54. Qd6+ Kb7 55. Qc6+ Kb8 56. Rf8# 1-0

[Event "EUR-ch U14 w"]
[Site "Batumi GEO"]
[Date "2014.10.19"]
[Round "1"]
[White "Ambrozova, Lucie"]
[Black "Kazarian, Anna Maja"]
[Result "0-1"]
[WhiteElo "1725"]
[BlackElo "2108"]
[PlyCount "70"]
[EventDate "2014.10.19"]
[EventType "swiss"]
[EventRounds "9"]
[EventCountry "CAN"]
[Source "Chessbase"]
[SourceDate "2015.02.06"]

1. e4 e6 2. d4 d5 3. Nc3 Nf6 4. Bg5 dxe4 5. Nxe4 Nbd7 6. Bd3 h6 7. Nxf6+ Nxf6
8. Bh4 Bd7 9. Nf3 c5 10. dxc5 Bxc5 11. c3 Bc6 12. O-O Qd5 13. Qc2 Qh5 14. Bxf6
Bxf3 15. gxf3 gxf6 16. Be2 Rg8+ 17. Kh1 O-O-O 18. b4 Qh3 19. Rg1 Bxf2 20. Rg4
f5 21. Bf1 Qxf3+ 22. Bg2 Qxg4 23. Qxf2 Rd1+ 24. Rxd1 Qxd1+ 25. Bf1 Qd5+ 26. Bg2
Rxg2 27. Qxg2 Qxg2+ 28. Kxg2 b5 29. Kf3 e5 30. Ke3 f4+ 31. Kf3 f5 32. h3 Kd7
33. h4 Ke6 34. h5 Kd5 35. a3 Kc4 0-1

[Event "EUR-ch U14 w"]
[Site "Batumi GEO"]
[Date "2014.10.19"]
[Round "1"]
[White "Avramidou, Anastasia"]
[Black "Mican, Karmela"]
[Result "1-0"]
[WhiteElo "2120"]
[BlackElo "1726"]
[PlyCount "61"]
[EventDate "2014.10.19"]
[EventType "swiss"]
[EventRounds "9"]
[EventCountry "CAN"]
[Source "Chessbase"]
[SourceDate "2015.02.06"]

1. d4 d5 2. c4 e6 3. Nc3 Nf6 4. Bg5 Be7 5. e3 O-O 6. Nf3 b6 7. cxd5 Nxd5 8.
Nxd5 exd5 9. Bxe7 Qxe7 10. Be2 Bb7 11. Rc1 c5 12. O-O Nd7 13. Qa4 a6 14. Rfd1
c4 15. b3 b5 16. Qa5 Rfb8 17. bxc4 dxc4 18. d5 Qc5 19. e4 Rc8 20. Qd2 c3 21.
Qf4 Nf6 22. Bd3 b4 23. Bc2 Re8 24. Ng5 Re7 25. e5 Nxd5 26. Bxh7+ Kf8 27. Qh4
Rxe5 28. Be4 Rd8 29. Qh8+ Ke7 30. Qxg7 Rxe4 31. Qxf7+ 1-0

[Event "EUR-ch U14 w"]
[Site "Batumi GEO"]
[Date "2014.10.19"]
[Round "1"]
[White "Nadzamova, Sofia"]
[Black "Obolentseva, Alexandra"]
[Result "0-1"]
[WhiteElo "1734"]
[BlackElo "2126"]
[PlyCount "58"]
[EventDate "2014.10.19"]
[EventType "swiss"]
[EventRounds "9"]
[EventCountry "CAN"]
[Source "Chessbase"]
[SourceDate "2015.02.06"]

1. e4 c5 2. c3 Nf6 3. e5 Nd5 4. d4 cxd4 5. Nf3 Nc6 6. Be2 g6 7. cxd4 d6 8. exd6
Qxd6 9. Nc3 Bg7 10. O-O O-O 11. a3 Rd8 12. Ne4 Qc7 13. Be3 e5 14. Rc1 Nxe3 15.
fxe3 exd4 16. Nxd4 Qb6 17. Qa4 Nxd4 18. exd4 Bf5 19. Rxf5 gxf5 20. Nf2 Bxd4 21.
Rf1 Rac8 22. b4 Bxf2+ 23. Rxf2 Rc1+ 24. Bf1 Rdd1 25. Qe8+ Kg7 26. Qe5+ Kf8 27.
Qh8+ Ke7 28. Qe5+ Kd8 29. Qa5 Rxf1# 0-1

[Event "EUR-ch U14 w"]
[Site "Batumi GEO"]
[Date "2014.10.19"]
[Round "1"]
[White "Shuvalova, Polina"]
[Black "Mustafazada, Nigar"]
[Result "1-0"]
[WhiteElo "2142"]
[BlackElo "1744"]
[PlyCount "65"]
[EventDate "2014.10.19"]
[EventType "swiss"]
[EventRounds "9"]
[EventCountry "CAN"]
[Source "Chessbase"]
[SourceDate "2015.02.06"]

1. e4 c5 2. Nf3 Nc6 3. Bb5 d5 4. Ne5 Bd7 5. Nxd7 Qxd7 6. exd5 Qxd5 7. O-O Nf6
8. Nc3 Qd7 9. d3 e6 10. Qf3 Rc8 11. Ne4 Be7 12. Qg3 O-O 13. Bh6 Ne8 14. Bd2 a6
15. Bxc6 Qxc6 16. Bc3 f6 17. b3 Nd6 18. Nxd6 Bxd6 19. f4 Qc7 20. Rae1 Rce8 21.
Re4 e5 22. fxe5 Bxe5 23. Bxe5 Rxe5 24. Rf5 Rfe8 25. Rxf6 Qd8 26. Rxe5 Qd4+ 27.
Rf2 Rxe5 28. h3 Rf5 29. c3 Qxf2+ 30. Qxf2 Rxf2 31. Kxf2 Kf7 32. Kf3 Ke6 33. Ke4
1-0

[Event "EUR-ch U14 w"]
[Site "Batumi GEO"]
[Date "2014.10.19"]
[Round "1.30"]
[White "Ayazmali, Gizem"]
[Black "Tsolakidou, Stavroula"]
[Result "0-1"]
[WhiteElo "1745"]
[BlackElo "2305"]
[PlyCount "46"]
[EventDate "2014.10.19"]
[EventType "swiss"]
[EventRounds "9"]
[EventCountry "CAN"]

1. e4 c5 2. c3 d5 3. exd5 Qxd5 4. d4 Nc6 5. Nf3 Bf5 6. Na3 cxd4 7. Nb5 O-O-O 8.
cxd4 e5 9. Bd2 exd4 10. Qc1 Bc5 11. Bc4 Qe4+ 12. Kd1 a6 13. h3 axb5 14. Bxb5
Bb6 15. Re1 Qd5 16. Bc4 Qd6 17. b4 Bc7 18. b5 Nb4 19. Qa3 Nc2 20. Qa8+ Kd7 21.
Ne5+ Qxe5 22. Qxd8+ Kxd8 23. Rxe5 Bxe5 0-1

[Event "EUR-ch U14 w"]
[Site "Batumi GEO"]
[Date "2014.10.20"]
[Round "2"]
[White "Adamyan, Mane"]
[Black "Misiuk, Karolina"]
[Result "1-0"]
[WhiteElo "1811"]
[BlackElo "1480"]
[PlyCount "57"]
[EventDate "2014.10.19"]
[EventType "swiss"]
[EventRounds "9"]
[EventCountry "CAN"]
[Source "Chessbase"]
[SourceDate "2015.02.06"]

1. e4 c5 2. Nf3 Nc6 3. Bb5 Nd4 4. Nxd4 cxd4 5. c3 Qb6 6. Bc4 d3 7. Bxd3 Nf6 8.
Bc2 Qc6 9. Qf3 d6 10. d4 e5 11. Qd3 Be7 12. O-O h5 13. Na3 h4 14. h3 O-O 15.
Bg5 Re8 16. Bxh4 d5 17. exd5 Qxd5 18. Bxf6 Bxf6 19. Qh7+ Kf8 20. dxe5 Bxe5 21.
f4 Bd6 22. Qh8+ Ke7 23. Rae1+ Be6 24. Qh4+ Kd7 25. Ba4+ Kc7 26. Bxe8 Rxe8 27.
c4 Bc5+ 28. Kh1 Qd6 29. Nb5+ 1-0

[Event "EUR-ch U14 w"]
[Site "Batumi GEO"]
[Date "2014.10.20"]
[Round "2"]
[White "Afonasieva, Anna"]
[Black "Koridze, Lile"]
[Result "1/2-1/2"]
[WhiteElo "1956"]
[BlackElo "1750"]
[PlyCount "113"]
[EventDate "2014.10.19"]
[EventType "swiss"]
[EventRounds "9"]
[EventCountry "CAN"]
[Source "Chessbase"]
[SourceDate "2015.02.06"]

1. d4 Nf6 2. Nf3 e6 3. g3 d5 4. Bg2 Be7 5. O-O O-O 6. c4 dxc4 7. Ne5 h6 8. Nc3
c5 9. dxc5 Qc7 10. Nxc4 Bxc5 11. Qb3 Nc6 12. Nb5 Qe7 13. Be3 Bxe3 14. Qxe3 a6
15. Nbd6 Rb8 16. Rfd1 Nb4 17. Qe5 Nc6 18. Bxc6 bxc6 19. Nf5 Qb4 20. Ne7+ Kh8
21. Nxc6 Qxc4 22. Nxb8 Bb7 23. Rac1 Qg4 24. f3 Qa4 25. Qc7 Bd5 26. Qd6 Re8 27.
Nxa6 Qxa2 28. Nc7 Rg8 29. Nxd5 Nxd5 30. Qe5 Qb3 31. Rd3 Qb7 32. Qd4 Ra8 33. e4
Nf6 34. Rdc3 Ra2 35. Rc7 Qb3 36. Rxf7 Rxb2 37. Qc3 Qa2 38. Qxb2 Qxb2 39. Rc8+
Kh7 40. Rcc7 Ng8 41. Rfd7 h5 42. Rf7 Kg6 43. f4 Nh6 44. Rxg7+ Kf6 45. Rg5 Qb1+
46. Kg2 Qxe4+ 47. Kh3 Qf3 48. Rc1 Ng4 49. Rc2 Nf2+ 50. Rxf2 Qxf2 51. Rxh5 Qf1+
52. Kh4 Qe2 53. h3 Kg6 54. Re5 Qa2 55. Kg4 Qd2 56. h4 Kf6 57. h5 1/2-1/2

[Event "EUR-ch U14 w"]
[Site "Batumi GEO"]
[Date "2014.10.20"]
[Round "2"]
[White "Aksoy, Ayca"]
[Black "Kalaiyalahan, Akshaya"]
[Result "0-1"]
[WhiteElo "1778"]
[BlackElo "2052"]
[PlyCount "104"]
[EventDate "2014.10.19"]
[EventType "swiss"]
[EventRounds "9"]
[EventCountry "CAN"]
[Source "Chessbase"]
[SourceDate "2015.02.06"]

1. Nf3 d5 2. d4 Nf6 3. c4 c6 4. Nc3 dxc4 5. e4 b5 6. e5 Nd5 7. a4 e6 8. axb5
Nxc3 9. bxc3 cxb5 10. Ng5 Bb7 11. Qh5 g6 12. Qg4 Be7 13. Be2 h5 14. Qg3 Bd5 15.
O-O Nd7 16. Bf3 Nb6 17. Be4 Bxe4 18. Nxe4 Nd5 19. Ba3 Bxa3 20. Rxa3 O-O 21. Rb1
a6 22. Nc5 Qe7 23. h3 Rfc8 24. Qf3 Ra7 25. Ra2 Rca8 26. Rab2 Qg5 27. g3 Qf5 28.
Qxf5 gxf5 29. Rc1 Kf8 30. Kf1 Ke7 31. Ke2 Kd8 32. Kd1 Kc7 33. Kc2 Kc6 34. Rcb1
Nc7 35. f3 Rg8 36. Rg1 Nd5 37. Ra2 Kb6 38. Raa1 a5 39. Kd2 Kc6 40. g4 fxg4 41.
fxg4 hxg4 42. hxg4 Rh8 43. Rg2 b4 44. Ne4 bxc3+ 45. Nxc3 Nxc3 46. Kxc3 Kd5 47.
Rg3 Rb8 48. Ra3 a4 49. Re3 Rb3+ 50. Rxb3 cxb3 51. Re1 Rc7+ 52. Kb2 Kxd4 0-1

[Event "EUR-ch U14 w"]
[Site "Batumi GEO"]
[Date "2014.10.20"]
[Round "2"]
[White "Bespalova, Jana"]
[Black "Jalaghonia, Nino"]
[Result "0-1"]
[WhiteElo "1505"]
[BlackElo "1887"]
[PlyCount "82"]
[EventDate "2014.10.19"]
[EventType "swiss"]
[EventRounds "9"]
[EventCountry "CAN"]
[Source "Chessbase"]
[SourceDate "2015.02.06"]

1. e4 c5 2. Nf3 g6 3. d4 cxd4 4. Nxd4 Bg7 5. c4 Nc6 6. Be3 Nf6 7. Nc3 O-O 8. f3
b6 9. Be2 Bb7 10. Qd2 d6 11. g4 Rc8 12. h4 Ne5 13. b3 a6 14. Bh6 Qd7 15. h5 e6
16. Na4 Qe7 17. Nxb6 Rcd8 18. Qg5 Bxh6 19. Qxh6 d5 20. Qg5 dxe4 21. Qxe5 Qb4+
22. Kf1 Qxb6 23. c5 Qb4 24. Nc2 Qd2 25. Qxf6 exf3 26. Bxf3 Bxf3 27. Qxf3 Qxc2
28. Qe3 Rd2 29. h6 Rfd8 30. Re1 Rd1 31. Qf3 Rxe1+ 32. Kxe1 Qxc5 33. Rh3 Qg1+
34. Ke2 Qd1+ 35. Kf2 Rd2+ 36. Kg3 Rd3 37. Kf2 Rxf3+ 38. Rxf3 Qd2+ 39. Kg3 e5
40. a4 e4 41. Rf2 e3 0-1

[Event "EUR-ch U14 w"]
[Site "Batumi GEO"]
[Date "2014.10.20"]
[Round "2"]
[White "Brezalieva, Steliyana"]
[Black "Nadzamova, Sofia"]
[Result "1/2-1/2"]
[WhiteElo "1480"]
[BlackElo "1734"]
[PlyCount "81"]
[EventDate "2014.10.19"]
[EventType "swiss"]
[EventRounds "9"]
[EventCountry "CAN"]
[Source "Chessbase"]
[SourceDate "2015.02.06"]

1. d4 Nf6 2. c4 g6 3. Nc3 Bg7 4. e4 d6 5. f4 c6 6. Nf3 O-O 7. Be2 Na6 8. O-O
Nc7 9. Re1 a6 10. a4 a5 11. Be3 Na6 12. Bf2 Ng4 13. Bg3 Nb4 14. Rc1 Nf6 15. Qd2
Qb6 16. Kh1 Rd8 17. b3 Nh5 18. Rcd1 Nxg3+ 19. hxg3 Bd7 20. Na2 c5 21. d5 Qc7
22. Nxb4 axb4 23. Qc2 Bc3 24. Rf1 Kg7 25. Nh2 h5 26. f5 Rf8 27. g4 hxg4 28.
Bxg4 Rh8 29. Bh3 Raf8 30. Rf3 Be5 31. g4 g5 32. Rdf1 f6 33. R1f2 Rh7 34. Rd2
Rfh8 35. Rdd3 Rh4 36. Qg2 Bd4 37. Nf1 R8h7 38. Ne3 Qd8 39. Nc2 Bc3 40. Kg1 Qh8
41. Kf1 1/2-1/2

[Event "EUR-ch U14 w"]
[Site "Batumi GEO"]
[Date "2014.10.20"]
[Round "2"]
[White "Busuioc, Alexandra"]
[Black "Shuvalova, Polina"]
[Result "0-1"]
[WhiteElo "1833"]
[BlackElo "2142"]
[PlyCount "80"]
[EventDate "2014.10.19"]
[EventType "swiss"]
[EventRounds "9"]
[EventCountry "CAN"]
[Source "Chessbase"]
[SourceDate "2015.02.06"]

1. e4 c5 2. Nf3 g6 3. d4 cxd4 4. Nxd4 Bg7 5. c4 Nc6 6. Be3 Nf6 7. Nc3 d6 8. Be2
O-O 9. O-O Bd7 10. Qd2 Nxd4 11. Bxd4 Bc6 12. Bd3 a5 13. Rae1 Nd7 14. Bxg7 Kxg7
15. Re3 Nc5 16. Rh3 h5 17. f4 Nxd3 18. Qxd3 Qb6+ 19. Kh1 f5 20. Qg3 Qd4 21.
Rxh5 Qxc4 22. Re1 fxe4 23. Rg5 Rf6 24. f5 Qf7 25. Nxe4 Rxf5 26. Rxf5 Qxf5 27.
Qh4 Rf8 28. Ng3 Qd5 29. Qxe7+ Kg8 30. Qe2 Re8 31. Qxe8+ Bxe8 32. Rxe8+ Kf7 33.
Re1 Qxa2 34. Ne4 Qxb2 35. Nxd6+ Kf6 36. h3 a4 37. Rf1+ Ke6 38. Nc4 Qc3 39. Nb6
a3 40. Na4 Qb4 0-1

[Event "EUR-ch U14 w"]
[Site "Batumi GEO"]
[Date "2014.10.20"]
[Round "2"]
[White "Erseki, Tamara"]
[Black "Hasanzada, Ulkar"]
[Result "1-0"]
[WhiteElo "1863"]
[BlackElo "1603"]
[PlyCount "117"]
[EventDate "2014.10.19"]
[EventType "swiss"]
[EventRounds "9"]
[EventCountry "CAN"]
[Source "Chessbase"]
[SourceDate "2015.02.06"]

1. e4 c6 2. Ne2 d5 3. e5 c5 4. d4 cxd4 5. Nxd4 Nc6 6. Bf4 e6 7. Bb5 Bd7 8. O-O
Qb6 9. Nxc6 bxc6 10. Bd3 Qxb2 11. Nd2 Ne7 12. Nb3 Ng6 13. Bxg6 hxg6 14. Qd2 Qa3
15. Rfb1 Qb4 16. c3 Qe4 17. Nd4 g5 18. Bg3 Be7 19. Rb7 c5 20. f3 Qg6 21. Nc2 a6
22. Rab1 Rd8 23. Ra7 O-O 24. Rbb7 c4 25. Rxd7 Bc5+ 26. Bf2 Bxa7 27. Rxa7 Qd3
28. Be3 Rb8 29. Qxd3 cxd3 30. Nb4 Rfc8 31. Bd2 Rxb4 32. cxb4 Rc2 33. Bxg5 f6
34. exf6 gxf6 35. Bh6 d2 36. Bxd2 Rxd2 37. Rxa6 d4 38. Rxe6 Kf7 39. Ra6 Ke7 40.
Rc6 d3 41. Rc3 Ke6 42. h4 Ke5 43. Rc1 Rc2 44. Rd1 Kd4 45. Kf1 Ke3 46. Re1+ Kd2
47. Kf2 Rc1 48. Re3 Rh1 49. Re6 Rxh4 50. Rxf6 Rxb4 51. Rd6 Ra4 52. g4 Rxa2 53.
g5 Kc1+ 54. Kg3 d2 55. g6 d1=Q 56. Rxd1+ Kxd1 57. f4 Ke1 58. Kg4 Kf2 59. f5 1-0